Agricultural and Hydrological Applications of Remote Sensing / (Record no. 616070)

000 -LEADER
fixed length control field 00478nam a22001697a 4500
003 - CONTROL NUMBER IDENTIFIER
control field NUST
005 - DATE AND TIME OF LATEST TRANSACTION
control field 20260203152446.0
008 - FIXED-LENGTH DATA ELEMENTS--GENERAL INFORMATION
fixed length control field 260203b ||||| |||| 00| 0 eng d
020 ## - INTERNATIONAL STANDARD BOOK NUMBER
International Standard Book Number 978-93-5111-600-4
082 ## - DEWEY DECIMAL CLASSIFICATION NUMBER
Classification number 551.480284
100 ## - MAIN ENTRY--PERSONAL NAME
Personal name Chauhan, Brinda.
9 (RLIN) 133072
245 ## - TITLE STATEMENT
Title Agricultural and Hydrological Applications of Remote Sensing /
Statement of responsibility, etc. Chauhan, Brinda.
260 ## - PUBLICATION, DISTRIBUTION, ETC.
Place of publication, distribution, etc. India:
Name of publisher, distributor, etc. Random Publications;
Date of publication, distribution, etc. 2015
300 ## - PHYSICAL DESCRIPTION
Extent 279 p
563 ## - BINDING INFORMATION
Binding note Hardcover
942 ## - ADDED ENTRY ELEMENTS (KOHA)
Source of classification or shelving scheme
Koha item type Book
Holdings
Withdrawn status Lost status Source of classification or shelving scheme Damaged status Not for loan Permanent Location Current Location Date acquired Total Checkouts Full call number Barcode Date last seen Price effective from Koha item type
          Institute of Geographical Information Systems (IGIS) Institute of Geographical Information Systems (IGIS) 02/03/2026   551.480284 IGIS-1023 02/03/2026 02/03/2026 Book
© 2023 Central Library, National University of Sciences and Technology. All Rights Reserved.